000 01106naa a22003017a 4500
001 BR8302713
003 BR-BrBNA
005 20240918175259.0
007 ta
008 230509b bl.||||| |||| 00| 0 por d
040 _aBR-BrBNA
_bpor
_cBiblioteca Nacional de Agricultura
041 _a(Pt)
072 _aE70; U20
_b/G514
090 _aE70 BR8302713
100 1 _aSantinoni, S.
111 1 _a4. Congresso Paulista de Agronomia. Agronomia ano 2000
_cCampinas, SP (Brazil)
_d8-10 Aug 1983
245 1 _aSIMA - Sistema Nacional de Informacao de Mercado Agricola [Brasil]
260 3 _aSao Paulo, SP (Brasil):
_c1983.
500 _a4. Congresso Paulista de Agronomia. Agronomia ano 2000 Sao Paulo, SP (Brasil): 1983. p. 13-21 (BR8302713-AM)E70
650 _aMERCADO ATACADISTA
650 _aPRECO
650 _aSISTEMA DE INFORMACAO
650 _aPROCESSAMENTO DA INFORMACAO
650 _aTREINAMENTO
773 0 _t4. Congresso Paulista de Agronomia. Agronomia ano 2000
_wE70 BR8302713
_gSao Paulo, SP (Brasil), 1983. p. 13-21
909 _a202404
_bLucia
_c55
_dLucia Elande
942 _cAM
_2AGRIS
999 _c315987
_d315987